Ancient Wisdom Modern Insight/ (Record no. 196031)

MARC details
000 -LEADER
fixed length control field 00556nam a2200193 4500
005 - DATE AND TIME OF LATEST TRANSACTION
control field 20230518103244.0
010 ## - LCCN (DPL NO)
LC control number ENG-136963
020 ## - INTERNATIONAL STANDARD BOOK NUMBER
International Standard Book Number 9788170595281
Terms of availability 300.00
035 ## - SYSTEM CONTROL NUMBER
System control number EN-120495
037 ## - SOURCE OF ACQUISITION
Source of stock number/acquisition DBAD/PUB
082 ## - DEWEY DECIMAL CLASSIFICATION NUMBER
Classification number 299.934
100 ## - MAIN ENTRY--PERSONAL NAME
Personal name Nicholson, Shirley
245 ## - TITLE STATEMENT
Title Ancient Wisdom Modern Insight/
Statement of responsibility, etc By Shirley Nicholson
250 ## - EDITION STATEMENT
Edition statement First
260 ## - PUBLICATION, DISTRIBUTION, ETC. (IMPRINT)
Place of publication, distribution, etc Chennai
Name of publisher, distributor, etc The Theosophical Publishing House
Date of publication, distribution, etc 2021
270 ## - ADDRESS
Address Adyar
City Chennai
Postal code 600020
300 ## - PHYSICAL DESCRIPTION
Extent xviii,242p.;
Dimensions 22cm(hbk)
942 ## - ADDED ENTRY ELEMENTS (KOHA)
Source of classification or shelving scheme Dewey Decimal Classification
Item type English Books
Call number suffix NIC
Classification part 299.934
Holdings
Withdrawn status Lost status Not for loan Collection code Home library Current library Date acquired Source of acquisition Cost, normal purchase price Full call number Barcode Copy number Cost, replacement price Koha item type
      Non-fiction Ashok Vihar Ashok Vihar 18/05/2023 DBAD/PUB 300.00 299.934 NIC EN-120495 1 300.00 English Books

© Delhi Public Library
Hit Counter
free hit counter